Correspondencia que ha mediado entre el Ministerio de Justicia i el M. R. Arzobispo de Santiago, con motivo de la sentencia de la Corte Suprema de Justicia en el recurso de fuerza interpuesto por el Arcedeán i Doctoral de esta Iglesia Metropolitana contra las censuras que les impuso la autoridad eclesiástica

Saved in:
Bibliografiske detaljer
Main Authors: Ovalle Bezanilla, Francisco Javier (autor), Valdivieso, Rafael Valentín (Author)
Institution som forfatter: Ministerio de Justicia, Culto e Instrucción Pública (Author)
Format: Bog
Sprog:spansk
Udgivet: Santiago Imprenta Nacional, calle de Morandé, núm. 36 1856
Udgivelse:1a. ed
Fag:
Tags: Tilføj Tag
Ingen Tags, Vær først til at tagge denne postø!

MARC

LEADER 00000nam a2200000 a 4500
001 UCJ6240
003 CL-VaPUC
008 070124e18561030CL |||||||||||||||||spa|d
082 0 4 |a 983  |b OVA  |2 21 
100 |a Ovalle Bezanilla, Francisco Javier  |e autor  |9 315185 
700 0 |a Valdivieso, Rafael Valentín  |e author  |9 315186 
110 2 |a Ministerio de Justicia, Culto e Instrucción Pública  |e author  |9 512642 
245 1 0 |a Correspondencia que ha mediado entre el Ministerio de Justicia i el M. R. Arzobispo de Santiago, con motivo de la sentencia de la Corte Suprema de Justicia en el recurso de fuerza interpuesto por el Arcedeán i Doctoral de esta Iglesia Metropolitana contra las censuras que les impuso la autoridad eclesiástica 
250 |a 1a. ed 
300 |a 88 p 
942 |c BK 
945 |d 20070124 00:00:00  |a rinostro 
260 |a Santiago  |b Imprenta Nacional, calle de Morandé, núm. 36  |c 1856 
500 |a 8§.-Port.- v. en b.- Empastado con otro escrito relativo al tema en un volumen rotulado Folletos Relijiosos, que se ubica en 983 OVA 
600 0 7 |a MENESES, FRANCISCO  |2 CL-VaPUC  |9 506162 
600 0 7 |a SOLIS DE OVANDO, PASCUAL  |2 CL-VaPUC  |9 512643 
600 0 7 |a ARISTEGUI, JOSE MIGUEL  |2 CL-VaPUC  |9 508864 
600 0 7 |a SANTELICES, PEDRO  |2 CL-VaPUC  |9 510051 
600 0 7 |a MARTINEZ GARFIAS, FRANCISCO  |2 CL-VaPUC  |9 510052 
650 0 |a Iglesia Católica  |9 256114 
650 7 |a CUESTION DEL SACRISTAN  |2 CL-VaPUC  |9 510427 
650 7 |a DERECHO CANONICO  |2 CL-VaPUC  |9 512644 
650 7 |a PATRONATO  |2 CL-VaPUC  |9 459478 
650 7 |a COMPETENCIA DE JURISDICCIÓN  |2 CL-VaPUC  |9 512645 
650 7 |a DOCUMENTOS  |2 CL-VaPUC  |9 366450 
650 0 |a Correspondencia  |9 258963 
583 |a last modification  |c 20070124 00:00:00  |k Rodrigo Vera 
999 |c 322348  |d 322346 
952 |0 0  |1 0  |4 0  |6 983_000000000000000_OVA_1856  |7 0  |8 X  |9 401317  |a FDOBUD  |b FDOBUD  |d 2019-11-22  |i 1045547  |o 983 OVA 1856  |p 1045547  |r 2019-11-22  |w 2019-11-22  |y BK_X  |k BUD